000 00597nam a2200241Ia 4500
003 OSt
005 20221005120651.0
006 a|||||r|||| 00| 0
007 ta
008 221004b |||||||| |||| 00| 0 mal d
024 _a54992
037 _cTextual
040 _aCRL
_cCRL
_bmal
041 _2mal
_amal
082 _aO32,1N02,1, J6
100 _aMary John Au.
_9626389
245 0 _aEsaprasadam
260 _c1956
300 _a29p.
_ccm.
650 _aMALAYALAM POETRY
_9185636
942 _hO32,1N02,1, J6
_cTEXL
_2cc
999 _c1038748
_d1038748